| 000 | 00390nam a2200133Ia 4500 | ||
|---|---|---|---|
| 008 | 220216s9999 xx 000 0 und d | ||
| 100 |
_aFarley P S _cet al |
||
| 245 | 0 | _aEffect of adventitious iron on epoxidation of natural rubber latex | |
| 260 |
_bJournal of Natural Rubber Research _c1992 |
||
| 300 | _a157-167 | ||
| 650 | _aEpoxidation | ||
| 650 | _aNatural rubber latex | ||
| 942 | _cJS | ||
| 999 |
_c57675 _d57675 |
||